Top 20 des puissances militaires dans le monde - Statistiques

Statistiques générales
  • Ce quiz a été pris 1 363 fois
    251 depuis la dernière actualisation
  • Le résultat moyen est 17 sur 20
Statistiques - réponses
Top Pays Indice de puissance % Correct
3 Chine 0.0788
100%
1 États-Unis 0.0744
100%
8 France 0.1878
100%
2 Russie 0.0788
100%
7 Japon 0.1839
94%
6 Royaume-Uni 0.1785
94%
14 Allemagne 0.2601
93%
4 Inde 0.1184
92%
11 Brésil 0.2415
91%
10 Italie 0.2164
91%
17 Espagne 0.3242
89%
5 Corée du Sud 0.1656
87%
12 Pakistan 0.2513
77%
16 Iran 0.3048
74%
15 Israël 0.2661
72%
9 Turquie 0.1902
71%
18 Australie 0.3298
70%
20 Ukraine 0.3755
68%
19 Egypte 0.3427
61%
13 Indonésie 0.2557
57%
Aucun quiz correspondant
Distribution des résultats
% des personnes avec chaque résultat
Percentile par nombre de réponses
Votre historique - résultats
Vous n’avez pas pris ce quiz depuis la dernière actualisation